Sports Quiz

Random Sports or NFL Quiz
Score 0/15 Timer 05:00
0 Plays Today
Hint Answer % Correct
Passing Yards (Week 2)Eli Manning
98.2%
Passing Yards (Week 2)Aaron Rodgers
97.8%
Passing Yards (Week 2)Philip Rivers
94.7%
Passing Yards (Week 2)Matt Ryan
94.6%
Passing Yards (Week 2)Michael Vick
90.9%
Receiving Yards (Week 2)Julio Jones
87.2%
Receiving Yards (Week 2)James Jones
86.5%
Receiving Yards (Week 2)DeSean Jackson
84.1%
Hint Answer % Correct
Rushing Yards (Week 2)Doug Martin
76.7%
Rushing Yards (Week 2)Darren McFadden
75.3%
Rushing Yards (Week 2)Alfred Morris
72.9%
Rushing Yards (Week 2)C.J. Spiller
72.6%
Receiving Yards (Week 2)Jimmy Graham
68.8%
Receiving Yards (Week 2)Pierre Garcon
64.4%
Rushing Yards (Week 2)James Starks
62%
Remove Ads.
Support Sporcle.
Get the best of Sporcle when you Go Orange. This ad-free experience offers more features, more stats, and more fun while also helping to support Sporcle. Thank you for becoming a member.

You're not logged in!

Compare scores with friends on all Sporcle quizzes.
OR
Log In

Show Comments

Extras

Top Quizzes Today


Score Distribution

Your Account Isn't Verified!

In order to create a playlist on Sporcle, you need to verify the email address you used during registration. Go to your Sporcle Settings to finish the process.

Report this User

Report this user for behavior that violates our Community Guidelines.

Details: